|
|
|
|
| LEADER |
00000nam a2200000 b4500 |
| 001 |
vtls012084255 |
| 003 |
SK-MaSNL |
| 005 |
20260331211928.0 |
| 008 |
220121s2022 xxk f n 001 0 eng |
| 020 |
|
|
|a 9780367421083
|q (viazané)
|
| 020 |
|
|
|a 9780367821814
|q (ebk)
|
| 040 |
|
|
|a SNK
|b slo
|c SNK
|e rda
|
| 041 |
0 |
|
|a eng
|
| 044 |
|
|
|a xxk
|c GB
|a xxu
|c US
|
| 072 |
|
7 |
|a 930
|x Historická veda. Pomocné vedy historické. Archívnictvo
|2 konspekt
|
| 080 |
|
|
|a 165
|2 2011
|
| 080 |
|
|
|a 930.1:159.953
|2 2011
|
| 080 |
|
|
|a 930.1
|2 2011
|
| 080 |
|
|
|a (082)
|2 2011
|
| 080 |
|
|
|a 11
|2 2011
|
| 100 |
1 |
|
|a Akker, Chiel an den,
|d 1974-
|4 edt
|9 622400
|
| 245 |
1 |
4 |
|a The Routledge companion to historical theory
|c edited by Chiel van den Akker
|
| 246 |
3 |
0 |
|a Companion to historical theory
|
| 246 |
3 |
0 |
|a Historical theory
|
| 250 |
|
|
|a First published by Routledge
|
| 264 |
|
1 |
|a London
|a New York
|b Routledge, Taylor & Francis Group
|c 2022
|
| 300 |
|
|
|a xv, 620 strán
|c 26 cm
|
| 336 |
|
|
|a text
|b txt
|2 rdacontent
|
| 337 |
|
|
|a bez média
|b n
|2 rdamedia
|
| 338 |
|
|
|a zväzok
|b nc
|2 rdacarrier
|
| 490 |
1 |
|
|a Routledge companions
|
| 500 |
|
|
|a Obsahuje profesijné údaje o prispievateľoch a poznámky
|
| 504 |
|
|
|a Obsahuje bibliografiu, bibliografické odkazy a register
|
| 650 |
0 |
7 |
|a teória poznania
|2 SNKPH
|9 879
|
| 650 |
0 |
7 |
|a historické vedomie
|2 SNKPH
|9 67362
|
| 650 |
0 |
7 |
|a metafyzika
|2 SNKPH
|9 810
|
| 650 |
0 |
7 |
|a filozofia dejín
|2 SNKPH
|9 4205
|
| 650 |
0 |
7 |
|a Theory of knowledge
|2 SNKPHeng
|9 278096
|
| 650 |
0 |
7 |
|a Historical consciousness
|2 SNKPHeng
|9 319382
|
| 650 |
0 |
7 |
|a Metaphysics
|2 SNKPHeng
|9 302772
|
| 650 |
0 |
7 |
|a Philosophy of history
|2 SNKPHeng
|9 326642
|
| 655 |
|
7 |
|a zborníky
|2 SNKPH
|9 70165
|
| 655 |
|
7 |
|a Papers of several authors
|2 SNKPHeng
|9 153738
|
| 830 |
|
0 |
|a Routledge companions
|9 442579
|
| 852 |
|
|
|a Slovenská národná knižnica
|
| 919 |
|
|
|a 978-0-367-42108-3
|
| 919 |
|
|
|a 978-0-367-82181-4
|
| 958 |
|
|
|a ZS
|
| 958 |
|
|
|a NB
|
| 999 |
|
|
|c 956513
|d 958443
|
| 952 |
|
|
|t 1
|a SNK
|b SNK
|y NEVYP
|7 1
|p 17A1578218
|o snkSB 102530
|i snk2026/3872
|8 4
|g 236.10
|0 0
|1 0
|2 udc
|4 0
|d 2024-04-10
|l 0
|r 2026-02-24 10:06:00
|w 2026-02-24
|